Feasibility of rubber (Hevea brasiliensis Muell. Arg) cultivation in the eastern province of Sri Lanka: A non traditional area for rubber (Record no. 59335)

MARC details
000 -LEADER
fixed length control field 00549nam a2200145Ia 4500
100 ## - MAIN ENTRY--AUTHOR NAME
Personal name Iqbal S M M
245 #0 - TITLE STATEMENT
Title Feasibility of rubber (Hevea brasiliensis Muell. Arg) cultivation in the eastern province of Sri Lanka: A non traditional area for rubber
260 ## - PUBLICATION, DISTRIBUTION, ETC. (IMPRINT)
Name of publisher Preprints of Papers. International Natural Rubber Conference 13-14 November 2006, Vietnam, pp.571-584.
650 ## - SUBJECT ADDED ENTRY--TOPICAL TERM
Topical Term Dry areas
650 ## - SUBJECT ADDED ENTRY--TOPICAL TERM
Topical Term Growth assessments
650 ## - SUBJECT ADDED ENTRY--TOPICAL TERM
Topical Term Intercropping
700 ## - ADDED ENTRY--PERSONAL NAME
Personal name Rodrigo V H L
942 ## - ADDED ENTRY ELEMENTS (KOHA)
Koha item type Journals
Holdings
Withdrawn status Lost status Damaged status Not for loan Home library Current library Shelving location Date acquired Koha item type
      Journals RRII Library RRII Library Agronomy 13/02/2007 Journals